000 00454cam a2200193ua 4500
001 9147
008 160128n ii |||gr||||Z||||||asm
020 _a9788191068924
040 _cMAIN
041 _aasm
082 _a338.5
100 _aChaudhury, R.Kr.,
_eAuthor.
245 _aIntroductory microeconomics
_cBy R. Kr. Chaudhury
250 _a1st.
260 _aGuwahati:
_bRupalim,
_c2011.
300 _a208p.
653 _aProduction
942 _cBK
999 _c8219
_d8219